Zbierka príkladov z ekonomiky a financovania podniku
Na minha lista:
| Autor principal: | |
|---|---|
| Outros Autores: | |
| Formato: | Livro |
| Idioma: | eslovaco |
| Publicado em: |
Banská Bystrica
BELIANUM
2022
|
| Assuntos: | |
| Tags: |
Sem tags, seja o primeiro a adicionar uma tag!
|
MARC
| LEADER | 00000nam a2200000 4500 | ||
|---|---|---|---|
| 001 | 0307925 | ||
| 005 | 20250414131409.0 | ||
| 020 | |a 978-80-557-2032-6 | ||
| 041 | 0 | |a slo | |
| 044 | |a SK | ||
| 245 | 1 | 0 | |a Zbierka príkladov z ekonomiky a financovania podniku |c Miroslava Vinczeová, Jana Hroncová-Vicianová |
| 264 | 1 | |a Banská Bystrica |b BELIANUM |c 2022 | |
| 300 | |a 188 s. | ||
| 610 | 2 | 0 | |a podnikanie |
| 610 | 2 | 0 | |a majetok podnikový |
| 610 | 2 | 0 | |a kapitál |
| 610 | 2 | 0 | |a financie podnikové |
| 610 | 2 | 0 | |a zdroje finančné vlastné |
| 610 | 2 | 0 | |a zdroje finančné cudzie |
| 610 | 2 | 0 | |a štruktúra podniku finančná |
| 610 | 2 | 0 | |a investovanie |
| 100 | 1 | |a Vinczeová, Miroslava | |
| 700 | 1 | |a Hroncová-Vicianová, Jana | |